Luna morena / (Record no. 145910)

MARC details
000 -LEADER
campo de control de longitud fija 00416nam a2200157 i 4500
001 - NÚMERO DE CONTROL
campo de control 145910
003 - IDENTIFICADOR DE NÚMERO DE CONTROL
campo de control ES-MaACL
005 - FECHA Y HORA DE LA ÚLTIMA TRANSACCIÓN
campo de control 20230906201344.0
007 - CAMPO FIJO DE DESCRIPCIÓN FÍSICA--INFORMACIÓN GENERAL
campo de control de longitud fija t|
008 - DATOS DE LONGITUD FIJA--INFORMACIÓN GENERAL
campo de control de longitud fija 071017s1950 sp ||||1| spa d
100 1# - ENTRADA PRINCIPAL--NOMBRE DE PERSONA
Nombre de persona Vega, Luis Antonio de.
9 (RLIN) 113571
245 10 - MENCIÓN DEL TÍTULO
Título Luna morena /
Mención de responsabilidad, etc. Luis Antonio de Vega.
260 ## - PUBLICACIÓN, DISTRIBUCIÓN, ETC.
Lugar de publicación, distribución, etc. Madrid :
Nombre del editor, distribuidor, etc. Rumbos,
Fecha de publicación, distribución, etc. 1950.
300 ## - DESCRIPCIÓN FÍSICA
Extensión 80 p. ;
Dimensiones 17 cm.
852 ## - LOCALIZACIÓN
Ubicación ES-MaACL
Número de control de estantería 1939-F-9
Sublocalización o colección R.31556
Holdings
Estatus retirado Estado de pérdida Estado de daño No para préstamo Colección Biblioteca de origen Biblioteca actual Ubicación en estantería Fecha de adquisición Fuente de adquisición Total de préstamos Signatura topográfica completa Código de barras Visto por última vez Precio de reemplazo Tipo de ítem Koha
        Colección de folletos Biblioteca del Ateneo de Madrid Biblioteca del Ateneo de Madrid Depósito folletos 17/01/2008     1939-F-9 1152301 23/02/2023 23/02/2023 Folleto